LEADER 02080nam1 22004333i 450 001 BVEE059450 005 20170908093230.0 100 $a20130709d1741 ||||0itac50 ba 101 | $alat 102 $ait 181 1$6z01$ai $bxxxe 182 1$6z01$an 200 1 $aCommentarius litteralis et moralis in omnes epistolas sancti Pauli apostoli, et in 7. epistolas catholicas, auctore r.p.f. Natali Alexandro ... Tomus primus [-tertius] 210 $aNeapoli$capud Jo. Baptistam De Blasiis$d1741-1742 215 $a3 v.$d4o 300 $aFregio sui front 300 $aEditore del tomo 2. e 3.: ex Typographia Blasiana 300 $aIniziali xil. 463 1$1001BASE018923$12000 $a3$v3 463 1$1001BVEE059451$12000 $a1 /1741$v1 463 1$1001BVEE059452$12000 $a2$v2 620 $dNapoli$3TO0L002386 700 1$aAlexandre$b, Noël$f <1639-1724>$3MILV174677$4070$0669360 712 02$aDe Blasi, Giovanni Battista$3BVEV111940$4650 712 02$aBiase$3RMSV439136$4650 790 1$aAlexandrus$b, Natalis$3CFIV315131$zAlexandre, Noël <1639-1724> 790 1$aNatali$b, Alessandro$f <1639-1724>$3SBNV016405$zAlexandre, Noël <1639-1724> 791 02$aStamperia Blasiana$3SBNV004041$zBiase 791 02$aBlasiana$c $3SBNV004042$zBiase 791 02$aTypographia Blasiana$3SBNV004927$zBiase 791 02$aTipografia Blasiana$3SBNV005068$zBiase 801 3$aIT$bIT-NA0079$c20130709 850 $aIT-NA0001$aIT-NA0079 912 $aBVEE059450 950 1$aBiblioteca Conventuale Sant'Antonio di Afragola$c1 v.$d 72ANTICO 15.G 26$c1 v.$d 72ANTICO 15.G 27$c1 v.$d 72ANTICO 15.G 28 950 1$aBiblioteca Nazionale Vittorio Emanuele III$bv. 1-2$cv. 1$d BNV.F. 3 C 22$bv. 1-2$cv. 2$d BNV.F. 3 C 23 977 $a 72$a BN 996 $aCommentarius litteralis et moralis in omnes epistolas sancti Pauli apostoli, et in 7. epistolas catholicas, auctore r.p.f. Natali Alexandro ... Tomus primus$91482340 997 $aUNISANNIO LEADER 01479nam0 2200325 450 001 000035858 005 20180622105129.0 100 $a20140205d1948----km-y0itaa50------ba 101 0 $aita 102 $aIT 200 1 $a<> legno quale fonte di carbonio$euna grande risorsa per il domani economico italiano$fEmilio Ascarelli$gcon la collaborazione di Angelo Aliotta ... [et al.] 210 $aNapoli$c<> Pironti$d1948 215 $a478 p., 5 carte di tav.$d26 cm. 300 $aL. 1800 316 $aSulla pagina precedente il frontespizio dell'esemplare FVig/T41275, dedica autografa dell'autore al prof. Gioacchino Viggiani 606 1 $aLegno$xUtilizzazione 606 2 $aCarboni di legna$xUtilizzazione 676 $a333.9539$v(22. ed.)$9Economia della Terra (Economia Fondiaria). Piante come fonti di energia. Legno combustibile 676 $a662.74$v(22. ed.)$9Carbone di legna 700 1$aAscarelli,$bEmilio$0233166 702 1$aAliotta,$bAngelo 801 0$aIT$bUniversità della Basilicata - B.I.A.$gREICAT$2unimarc 912 $a000035858 996 $aLegno quale fonte di carbonio$9102175 997 $aUNIBAS CAT $aSTD094$b01$c20140205$lBAS01$h1412 CAT $aTTM$b30$c20140226$lBAS01$h0756 CAT $aATR$b20$c20180622$lBAS01$h1051 FMT Z30 -1$lBAS01$LBAS01$mBOOK$1BASA2$APolo Tecnico-Scientifico$2FVIG$BFondo Viggiani$3FVig/41275$641275$5T41275$7Collocato presso la Scuola di Agraria$820140205$f35$FStanza riservata LEADER 01046nam--2200373---450- 001 990000361620203316 035 $a0036162 035 $aUSA010036162 035 $a(ALEPH)000036162USA01 035 $a0036162 100 $a20010315d1980----km-y0itay0103----ba 101 $aeng 102 $aUS 105 $a||||||||001yy 200 1 $aProgramming the 6502$fRodnay Zaks 210 $aBerkeley$cSybex$d1980 215 $av.$d22 cm 225 2 $aThe 6502 serie 410 $12001$aThe 6502 serie 461 1$1001-------$12001 676 $a001.642 700 1$aZAKS,$bRodnay$012246 801 0$aIT$bsalbc$gISBD 912 $a990000361620203316 951 $a001.642 ZAK A$b10944$c001.642$d00105811 951 $a001.642 ZAK B$b10945$c001.642$d00105812 951 $a001.642 ZAK C$b10946$c001.642$d00105813 959 $aBK 969 $aSCI 979 $aPATTY$b90$c20010315$lUSA01$h1551 979 $c20020403$lUSA01$h1644 979 $aPATRY$b90$c20040406$lUSA01$h1625 996 $aProgramming the 6502$925704 997 $aUNISA